000 00320nam a2200121Ia 4500
008 231129s1984||||xx |||||||||||||| ||spa||
082 _aHAJ- 0235
100 _aConsuegra Higgins José
245 0 _aEl pensamiento económico colombiano
260 _c1984
264 _aBogotá: Plaza & Janés 1984
942 _2ddc
_cBKS
999 _c12030
_d12030